000
00325nam a2200145Ia 4500
100
_a
Sedva/Adels/ Smith/ K.C.
250
_a
4
942
_c
BK
654
_a
microelectronics
245
_a
Microelectronics Circuits
260
_b
Oxford university
_a
New Jersey
_c
1998
300
_a
1237
546
_a
ENGLISH
999
_c
23310
_d
23310